| Tag |
First Indicator |
Second Indicator |
Subfields |
| LEADER |
00000cam a2200000 4500 |
| 001 |
in00000041263 |
| 005 |
20151007072522.0 |
| 008 |
760402s1958 nyua 00000 eng |
| 010 |
|
|
|a 58012137
|
| 035 |
|
|
|a (OCoLC)02087072
|
| 035 |
|
|
|9 AAE8025AM
|
| 040 |
|
|
|a DLC
|c CSU
|d TXA
|d UtOrBLW
|
| 049 |
|
|
|a TXAM
|c [309522]
|
| 050 |
0 |
0 |
|a TK7872.V3
|b S35
|
| 082 |
0 |
|
|a 621.38151
|
| 092 |
|
|
|a 621.38151
|b S394g, 1958
|
| 100 |
1 |
|
|a Schure, Alexander,
|d 1920-
|
| 245 |
1 |
0 |
|a Gas tubes.
|
| 264 |
|
1 |
|a New York :
|b J.F. Rider,
|c [1958]
|
| 300 |
|
|
|a 72 pages :
|b illustrations ;
|c 22 cm.
|
| 336 |
|
|
|a text
|b txt
|2 rdacontent
|
| 337 |
|
|
|a unmediated
|b n
|2 rdamedia
|
| 338 |
|
|
|a volume
|b nc
|2 rdacarrier
|
| 490 |
0 |
|
|a A Rider publication, no. 166-24. Electronic technology series
|
| 650 |
|
0 |
|a Gas tubes.
|
| 999 |
|
|
|a MARS
|
| 999 |
f |
f |
|s 38ec942b-9e00-347e-8dea-812e4ec91110
|i cc58c6cc-8d69-3a61-b3bd-8cef64e458f0
|t 0
|
| 952 |
f |
f |
|p ric
|a Texas A&M University
|b Rellis Campus
|c Joint Library Facility
|d Remote Storage
|t 0
|e TK7872.V3 S35
|h Library of Congress classification
|i unmediated -- volume
|m A14801037683
|
| 998 |
f |
f |
|a TK7872.V3 S35
|t 0
|l Remote Storage
|